000 00623nam a2200217Ia 4500
003 OSt
005 20260127093506.0
008 210210b1953 xxu||||| |||| 00| 0 eng d
040 _cAL
041 _aKannada
082 _a856/301
100 _aDevid (J P)
_dಡೇವಿಡ್ (ಜೆ ಪಿ)
_9252681
245 _aGani kelasada kaipidi
_bಗಣಿ ಕೆಲಸದ ಕೈಪಿಡಿ
260 _aMaisUru
_bMaisuru Vishvavidyanilaya
_c1953
650 _akelasada
_9252682
650 _akaipiDi
_9252683
650 _aGaNi
_9252684
690 _aKannada Miscellaneous
_9252685
906 _a020536
942 _2ddc
_cBK
999 _c144686
_d144686